| 000 | 00822nam a2200205 i 4500 | ||
|---|---|---|---|
| 001 | 27588 | ||
| 003 | ES-MaACL | ||
| 005 | 20230908063139.0 | ||
| 007 | t| | ||
| 008 | 030115s1884 sp ||||1| spa d | ||
| 100 | 1 |
_aAraujo Sánchez, Ceferino, _d1824-1897 _922365 |
|
| 245 | 1 | 0 |
_aObservaciones sobre el concepto del arte : _blectura dada en el Ateneo Científico, Literario y Artístico de Madrid, el día 15 de mayo de 1884 / _cpor Ceferino Araujo Sánchez. |
| 260 |
_a[Madrid : _bs.n., _c1884] ( _fTip. de Manuel Ginés Hernández) |
||
| 300 |
_a13 p. ; _c23 cm. |
||
| 594 | _aEjemplar sin port. ni tít.; autor tomado de principio del texto. | ||
| 610 | 2 | 4 |
_aAteneo de Madrid- _vConferencias- _yS.XIX. _91910 |
| 650 | 0 | 4 |
_aArte- _xFilosofía. _910099 |
| 852 |
_aES-MaACL _jT-461-F-5 |
||
| 999 |
_c27588 _d27588 |
||